00403nam a2200121Ia 4500008004100000040000800041082001600049245004800065264003300113942001300146952010500159999001700264231129s9999||||xx |||||||||||||| ||spa|| bspa a759.6 V434V 0aLa obra pictórica completa de Velázquez aBarcelona España : Noguer 2ddccBKS 00102ddc4070aBRCbBRCd2018-06-06l0o759.6 V434Vp40905r2023-11-29 21:20:49t1w2023-11-29yBK c17802d17802